Férfi genitális apparátus anatómiája és szövettana, folyt.
Elmentve itt :
| Szerző: | |
|---|---|
| Dokumentumtípus: | Videó |
| Megjelent: |
2022-04-22
|
| Kulcsszavak: | anatómia szövettan |
| Tárgyszavak: | |
| Online Access: | http://eta.bibl.u-szeged.hu/5737 |
| LEADER | 00835ngm a2200229 i 4500 | ||
|---|---|---|---|
| 001 | eta5737 | ||
| 005 | 20220425132913.0 | ||
| 008 | 220425s2022 hu o 0|| hun d | ||
| 040 | |a SZTE Elektronikus Tananyag Archívum |b hun | ||
| 041 | |a hun | ||
| 100 | 1 | |a Dobó Endre | |
| 245 | 1 | 0 | |a Férfi genitális apparátus anatómiája és szövettana, folyt. |h [elektronikus dokumentum] / |c Dobó Endre |
| 246 | 1 | 0 | |a Anatomy and histology of the male genital organs, cont. |h [elektronikus dokumentum] |
| 260 | |c 2022-04-22 | ||
| 516 | |a Video | ||
| 650 | 4 | |a Orvos- és egészségtudomány | |
| 650 | 4 | |a Általános orvostudomány | |
| 650 | 4 | |a Anatómia és morfológia | |
| 650 | 4 | |a Humán anatómia | |
| 695 | |a anatómia | ||
| 695 | |a szövettan | ||
| 856 | 4 | 0 | |u https://eta.bibl.u-szeged.hu/5737/1/211_hun_-_medence_perineum_2022.mp4 |z Dokumentum-elérés |